000 00403nam a22001697a 4500
003 NUST - PNEC
005 20170116181144.0
008 151008b xxu||||| |||| 00| 0 eng d
040 _cLIBRARY
082 _a629.25 BAN
100 _914872
_aBanga, T.R.
245 _aAutomobile engineering
_cT.R. Banga
250 _a2nd ed.
260 _c2004
650 _912896
_aAutomobiles
942 _2ddc
_cBK
999 _c70621
_d70621